000 00938nam a2200229Ii 4500
003 JO-AjNU
008 230605s9999||||xx |||||||||||||| ||und||
017 _a2004/6/1533
020 _a9953-36-613-6
040 _aJO-AjNU
_bara
_erda
_cJO-AjNU
041 _aara
050 1 4 _aHV6432 .K43 2004
100 3 _aخماش، نبال,
_eauthor
_920762
245 0 0 _aإمبراطورية الأكاذيب : مصطلحات الخداع الأمريكي بعد أحداث 11 / أيلول
250 _aط1
264 3 1 _aبيروت، عمان: المؤسسة العربية للدراسات والنشر، دار الفارس للنشر والتوزيع، 2004
300 _a235ص
336 _atext
_btxt
_2rdacontent
337 _aunmediated
_bn
_2rdamedia
338 _avolume
_bnc
_2rdacarrier
650 4 _aأحداث 11 سبتمبر، 2001 - الولايات المتحدة الامريكية - العلاقات الخارجية
_920763
999 _aA7097
_c10665
_d10665